00735cam a22002297a 4500003000500000005001700005008004100022010001000063011001000073020001500083035001000098040000900108082002100117100002100138245011700159260006300276300003000339500006300369650003400432700002100466700001800487CHAP20220329142128.0990827d1997 mx a r 00110 spa d a78879 a79851 a9688807990 a90265 cCHAP04a001.61bK6Y 199600aKolman, Bernard.10aEstructuras de matemáticas discretas para la computaciónc/por Bernard Kolman, Robert C. Busby y Ross Sharon aMéxico, D.F. :bPrentice-Hall Hispanoaméricana,c1997. a524 p. :bilus.; gráfs. aTrad. de : Discrete mathematical structures 3 ed. de 1996.14aComputaciónxMatemáticas.0 aBusby, Robert C.0 aRoss, Sharon.